| 000 | 00658nam a2200217Ia 4500 | ||
|---|---|---|---|
| 003 | OSt | ||
| 005 | 20220712150223.0 | ||
| 008 | 210716s2003 xx 000 0 und d | ||
| 020 | _a8187328991 | ||
| 040 | _cAIMIT LIBRARY | ||
| 041 | _aeng | ||
| 082 |
_a511.8 _23 _bRAOG |
||
| 100 |
_aBhishma Rao, Gajavelli S S. _948406 |
||
| 245 |
_aDiscrete structures and graph theory / _cBy Gajavelli S S Bhishma Rao. |
||
| 250 | _a3rd ed. | ||
| 260 |
_aChennai : _bScitech Publications Pvt Ltd. , _c2003. |
||
| 300 |
_a6.29p. ; _c24 cm. |
||
| 650 |
_aMathematical logic _948407 |
||
| 650 |
_aGraph theoretic algorithms _948408 |
||
| 942 |
_2ddc _cBK _e3rd _k511.8 RAOG |
||
| 999 |
_c186342 _d186342 |
||